000 01654nam a22003977a 4500
003 DO-SdBNP
005 20221110085444.0
007 ta
008 220831e2019 |||ao f l001 0 spa d
020 _a9789945868371
040 _aDO-SdBNP
_bspa
_cBNPHU
082 4 _222
_a 972.9301
_bG216t
100 1 1 _a García Arévalo, Manuel Antonio
_959457
_d1948-
245 1 0 _aTaínos, arte y sociedad /
_cManuel A. García Arévalo ; fotografía, Víctor Siladi; ilustración, Pedro L. Díaz Alvarado; traducciónes de Ana Martínez, Gérard Gauge y Delia Blanco; corrección, Clara Dobarro
260 _aSanto Domingo :
_bBanco Popular Dominicano,
_c2019.
300 _a451 p. :
_bil.; fot.;
_c32 cm
500 _aDedicatoria a José Antonio Caro Åvarez y Marcio Veloz Maggiolo.
500 _aLibro en español, ingles y francés.
504 _aBibliografía p: 440-451
590 _aInventariado, 2022 / SA
650 4 _957271
_aHitoria
_xTaínos
_vArte
_vSociedad
_yRepública Dominicana
650 4 _aArte taíno
_982167
650 4 _927491
_aArte y sociedad
_zAmérica Latina
650 4 _954175
_aCostumbres indigenas
_xArte
650 4 _aArte precolombino
_954172
651 1 _aRepública Dominicana
_xArqueología prehispánica
_982311
700 1 _aSiladi, Víctor
_efot.
_973802
700 1 _aDíaz Alvarado,Pedro L.
_eilus.
_qTaínas
_982303
700 1 _aMartínez, Ana
_etr..
_982304
_4Inglés
700 1 _aGauge, Gérard
_etr..
_982305
_4Francés
700 1 _aBlanco, Delia
_etr.,
_982306
_4Francés
700 1 _aDobarro, Clara
_ecorr.
_934619
830 _aBanco Popular Dominicano
_982307
910 _aYLockward
942 _2ddc
_cLBS1
999 _c52351
_d52351